[Event "KAZ-ch qual"]
[Site "Astana"]
[Date "2012.02.27"]
[Round "7"]
[White "Kozhabekov, Adilkhan"]
[Black "Ibragimov, Adilbek"]
[Result "0-1"]
[WhiteElo "2142"]
[BlackElo "2054"]
[PlyCount "59"]
[EventDate "2012.02.21"]
[EventType "swiss"]
[EventRounds "9"]
[EventCountry "KAZ"]
[SourceTitle "EXT 2014"]
[Source "ChessBase"]
[SourceDate "2013.11.20"]
[SourceVersion "1"]
[SourceVersionDate "2013.11.20"]
[SourceQuality "1"]

1. a3 Nf6 2. c4 g6 3. g3 Bg7 4. Bg2 0-0 5. e3 Nc6 6. Nc3 d6 7. Nge2 Ne5 8. d3 Bf5 9. e4 Bg4 10. f4 Nf3+ 11. Kf2 Nd4 12. h3 Bxe2 13. Nxe2 Nd7 14. Be3 c5 15. g4 e6 16. Ng3 Qh4 17. Bf1 f5 18. Kg2 fxe4 19. dxe4 Rac8 20. Ne2 Qf6 21. Ra2 d5 22. Nxd4 cxd4 23. e5 Nxe5 24. fxe5 Qxe5 25. Bc1 Qe4+ 26. Kg1 d3 27. b3 Bd4+ 28. Kh2 Be5+ 29. Kg1 d2 30. Qxd2 0-1